000 003090000a22001450004500
041 0 _aIng/Esp
082 0 4 _aDVD 057
100 1 _aTim Burton
110 1 _aWarner Home Video Inc.
245 1 0 _aCharlie y la fabrica de chocolates
260 _aArgentina :
505 0 0 _a115 min
001 2179
942 _cLGB
999 _c49325
_d49325